Central Library OPAC University of Rajshahi

Principles of economics / (Record no. 1996)

MARC details
000 -LEADER
fixed length control field 00697cam a22002531 4500
001 - CONTROL NUMBER
control field 1996
003 - CONTROL NUMBER IDENTIFIER
rucl marc code BD-RjUL
005 - DATE AND TIME OF LATEST TRANSACTION
control field 20211208233447.0
008 - FIXED-LENGTH DATA ELEMENTS--GENERAL INFORMATION
fixed length control field 760217s1960 ilu 000 0 eng
035 ## - SYSTEM CONTROL NUMBER
System control number (BD-RjUL)2023
System control number (OCoLC)1996164
040 ## - CATALOGING SOURCE
Original cataloging agency DLC
Transcribing agency PCoR
Modifying agency DLC
-- BD-RjUL
Language of cataloging eng
041 ## - LANGUAGE CODE
Language code of text/sound track or separate title eng
082 ## - DEWEY DECIMAL CLASSIFICATION NUMBER
Classification number 330
Edition number 19
Author mark and year PEP 1960
100 1# - MAIN ENTRY--PERSONAL NAME
Personal name Peach, W. Nelson
Fuller form of name (William Nelson),
Dates associated with a name 1912-1984.
9 (RLIN) 6542
245 10 - TITLE STATEMENT
Title Principles of economics /
Statement of responsibility, etc. W. Nelson Peach.
250 ## - EDITION STATEMENT
Edition statement Rev. ed.
260 ## - PUBLICATION, DISTRIBUTION, ETC. (IMPRINT)
Place of publication, distribution, etc. Homewood, Ill.,
Name of publisher, distributor, etc. R. D. Irwin,
Date of publication, distribution, etc. 1960.
300 ## - PHYSICAL DESCRIPTION
Pagination 736 p.
Illustrations illus.
Size 24 cm.
650 #0 - SUBJECT ADDED ENTRY--TOPICAL TERM
Topical term or geographic name as entry element Economics.
9 (RLIN) 6576
942 ## - ADDED ENTRY ELEMENTS (KOHA)
Source of classification or shelving scheme Dewey Decimal Classification
Koha item type Books
Holdings
Lost status Source of classification or shelving scheme Damaged status Not for loan Collection code Permanent Location Current Location Shelving location Date acquired Source of acquisition Cost, normal purchase price Total Checkouts Full call number Date last seen Copy number Koha item type Date checked out
  Dewey Decimal Classification     Non-fiction Central Library, University of Rajshahi Central Library, University of Rajshahi Reading Room 20/10/1962 Zeitlinger 49.00   330 PEP 1960 10/12/2013 C-3 Books  
  Dewey Decimal Classification     Non-fiction Central Library, University of Rajshahi Central Library, University of Rajshahi   20/10/1962 Zeitlinger 49.00 1 330 PEP 1960 26/12/2017 C-2 Books 13/12/2017